• 首页
  • 本馆介绍
  • 公告通知
  • 最新文献
  • 馆藏检索
  • 电子资源
  • 读者导购
  • 参考咨询
  • 我的图书馆
  • 登录
  • 详细信息显示
  • 放入我的书架
  • 预约/预借图书
  • 作者相关作品
  • 分类相关作品
  • 丛书相关作品
  • 出版社相关作品

书目信息

  • 表格格式
  • 工作单格式
  • 卡片格式
题名:
乡村振兴战略与规划建设实践研究
    
 
作者: 冉茂梅 著
分册:  
出版信息: 长春   吉林科学技术出版社  2022.08
页数: 238页
开本: 26cm
丛书名:
单 册:
中图分类: TU982.29
科图分类:
主题词: 乡村规划--xiang cun gui hua--研究--中国
电子资源:
ISBN: 978-7-5578-9363-7
000 00998nam0 2200241 450
001 CAL 012022047821
005 20230217093112.0
010    @a978-7-5578-9363-7@dCNY48.00
100    @a20221108d2022 em y0chiy0120 ea
101 0  @achi
102    @aCN@b220000
105    @ay a 000yy
106    @ar
200 1  @a乡村振兴战略与规划建设实践研究@Axiang cun zhen xing zhan lve yu gui hua jian she shi jian yan jiu@f冉茂梅著
210    @a长春@c吉林科学技术出版社@d2022.08
215    @a238页@d26cm
320    @a有书目 (第237-238页)
330    @a本书主要内容包括: 乡村振兴战略的提出和定位、乡村振兴规划探索、乡村振兴规划方法与实施路径、乡村振兴基础建设与产业发展、乡村生态文明建设、乡风文明建设、乡村基层治理、乡村振兴发展趋势, 共九章。具体内容包括: 乡村振兴战略的提出、乡村振兴战略的战略定位和总体要求等。
606 0  @a乡村规划@Axiang cun gui hua@x研究@y中国
690    @aTU982.29@v5
701  0 @a冉茂梅@Aran mao mei@4著
801  0 @aCN@bBJXHZP@c20230228
905    @b1404270-3@dTU982.29@e2165@f4
    
    乡村振兴战略与规划建设实践研究/冉茂梅著.-长春:吉林科学技术出版社,2022.08
    238页;26cm
    
    
    ISBN 978-7-5578-9363-7:CNY48.00
    本书主要内容包括: 乡村振兴战略的提出和定位、乡村振兴规划探索、乡村振兴规划方法与实施路径、乡村振兴基础建设与产业发展、乡村生态文明建设、乡风文明建设、乡村基层治理、乡村振兴发展趋势, 共九章。具体内容包括: 乡村振兴战略的提出、乡村振兴战略的战略定位和总体要求等。
●
相关链接 在E读中查询图书 在五车中查询图书 在当当中查询图书 在豆瓣中查询图书


正题名:乡村振兴战略与规划建设实践研究     索取号:TU982.29/2165         预约/预借

序号 登录号 条形码 馆藏地/架位号 状态 备注
1 1404270   214042702   第二样本阅览室/ [索取号:TU982.29/2165] 在馆    
2 1404271   214042711   第三借阅区/ [索取号:TU982.29/2165] 在馆    
3 1404272   214042720   第三借阅区/ [索取号:TU982.29/2165] 在馆    
4 1404273   214042739   第三借阅区/ [索取号:TU982.29/2165] 在馆    
唐山师范学院图书馆 欢迎您!
大连网信软件有限公司© 版权所有